O chudobnom mlynárovi úryvok

Bibliographic Details
Main Author: Dobšinský, Pavol, 1828-1885 (Author)
Format: Article
Language:Slovak
ISSN:1335-020X
Subjects:

MARC

LEADER 00000nab a2200000 a 4500
001 vtls010477299
003 SK-MaSNL
005 20260303215640.0
008 121207 2012xo m 000 0 slo
015 |a SNKBRB 2012/12 
038 |a KEKMK 
040 |a KEKMK  |b slo  |c KEKMK  |e AACR2 
041 |a slo 
044 |a xo  |c SK 
100 1 |a Dobšinský, Pavol,  |d 1828-1885  |4 aut  |9 242422 
245 1 0 |a O chudobnom mlynárovi  |b úryvok  |c Pavol Dobšinský 
500 |a Čo čítal Juraj Martiška, keď bol malým chlapcom? 
650 0 7 |a literatúra pre deti a mládež  |2 kekmk  |9 21893 
773 |t Fifík  |g Roč. 22, č.4 (december 2012), s.10  |x 1335-020X 
958 |a DB 
999 |c 2222521  |d 2224451